Genesis and Exodus / (Record no. 5544)

MARC details
000 -LEADER
fixed length control field 00519nam a22001937a 4500
003 - CONTROL NUMBER IDENTIFIER
control field GBCCL
005 - DATE AND TIME OF LATEST TRANSACTION
control field 20241126110544.0
008 - FIXED-LENGTH DATA ELEMENTS--GENERAL INFORMATION
fixed length control field 180327b ||||| |||| 00| 0 eng d
020 ## - INTERNATIONAL STANDARD BOOK NUMBER
International Standard Book Number 0862010837
040 ## - CATALOGING SOURCE
Transcribing agency gbc
082 ## - DEWEY DECIMAL CLASSIFICATION NUMBER
Classification number 220.7
Item number BIB
100 ## - MAIN ENTRY--PERSONAL NAME
Personal name Cundall, A.E.
9 (RLIN) 10010
245 ## - TITLE STATEMENT
Title Genesis and Exodus /
Statement of responsibility, etc. A.E. Cundall
260 ## - PUBLICATION, DISTRIBUTION, ETC.
Place of publication, distribution, etc. London:
Name of publisher, distributor, etc. ARK Publishing,
Date of publication, distribution, etc. 1981
300 ## - PHYSICAL DESCRIPTION
Extent 126 p.;
Other physical details ill.,
Dimensions 21 cm.
440 ## - SERIES STATEMENT/ADDED ENTRY--TITLE
Title Bible Study Commentary
9 (RLIN) 7334
650 ## - SUBJECT ADDED ENTRY--TOPICAL TERM
Topical term or geographic name entry element Bible
Form subdivision Genesis
General subdivision Exodus
9 (RLIN) 10011
942 ## - ADDED ENTRY ELEMENTS (KOHA)
Source of classification or shelving scheme Dewey Decimal Classification
Koha item type Books
Koha issues (borrowed), all copies 3
Holdings
Withdrawn status Lost status Source of classification or shelving scheme Damaged status Not for loan Home library Current Library Shelving location Date acquired Total checkouts Full call number Barcode Date last seen Date last checked out Copy number Price effective from Koha item type
    Dewey Decimal Classification     GRACE BIBLE COLLEGE GRACE BIBLE COLLEGE Biblical Studies 2018-03-27 3 220.7 BIB 001544 2025-05-01 2024-09-26 c.1 2018-03-27 Books
© Grace Bible College Library 2025